00438 2200169 4500001002100000005001500021035002000036245005900056100001800115250001700133300002800150260003800178082000800216084001400224020001800238600001200256INLIS00000000000089620250121112935 a0010-01250000691 aEnsiklopedia IPA SD Buku 6 :bManusia /cDjoko Santoso0 aDjoko Santoso aCetakan ke-1 a32 hlm :bIlus ;c29 cm aPurwokerto :bGaneca exact,c2006 a503 a503 DJO e a979-744-688-3 4amanusia